Aprendiendo a componer.

Uloženo v:
Podrobná bibliografie
Hlavní autor: Howard, John (autor)
Další autoři: Prieto Merchero, Ruth (traductora)
Médium: Kniha
Vydáno: Madrid, España: Akal, 2000.
Edice:Entorno musical,
Témata:
Tagy: Přidat tag
Žádné tagy, Buďte první, kdo vytvoří štítek k tomuto záznamu!

MARC

LEADER 00000nam a22000007a 4500
003 CL-VaPUC
005 20250407202450.0
008 250317t2000 ||||| |||| 00| 0 eng d
999 |c 447405  |d 447403 
020 |a 978-84-460-1361-7 
040 |c Pontificia Universidad Católica de Valparaíso 
082 |a 781.3 HOW 2000 
100 |9 896982  |a Howard, John  |e autor 
245 |a Aprendiendo a componer. 
260 |a Madrid, España:  |b Akal,  |c 2000. 
300 |a 96 páginas:  |b partituras. 
490 |a Entorno musical,  |n  6. 
500 |a c.1-c.4. Instituto Arcos.08-01-2025. 
583 |c 20250317  |k Gabriela Rodríguez Cuevas 
650 0 |9 306660  |a Composición musical  |x Estudio y enseñanza 
700 |9 896983  |a Prieto Merchero, Ruth  |e traductora 
942 |2 ddc  |c BK  |n 0 
952 |0 0  |1 0  |2 ddc  |4 0  |6 781_300000000000000_HOW_2000  |7 0  |8 A  |9 601405  |a BIBINC  |b BIBINC  |d 2025-03-17  |e Instituto Arcos  |i 5666300  |o 781.3 HOW 2000  |p 5666300  |r 2025-03-17  |t 1  |w 2025-03-17  |y BK  |k IFP 
952 |0 0  |1 0  |2 ddc  |4 0  |6 781_300000000000000_HOW_2000  |7 0  |8 A  |9 601406  |a BIBINC  |b BIBINC  |d 2025-03-17  |e Instituto Arcos  |i 5666301  |l 1  |o 781.3 HOW 2000  |p 5666301  |r 2025-04-21  |s 2025-04-14  |t 2  |w 2025-03-17  |y BK  |k IFP 
952 |0 0  |1 0  |2 ddc  |4 0  |6 781_300000000000000_HOW_2000  |7 0  |8 A  |9 601407  |a BIBINC  |b BIBINC  |d 2025-03-17  |e Instituto Arcos  |i 5666302  |l 1  |o 781.3 HOW 2000  |p 5666302  |q 2025-05-21  |r 2025-04-21  |s 2025-04-21  |t 3  |w 2025-03-17  |y BK  |k IFP 
952 |0 0  |1 0  |2 ddc  |4 0  |6 781_300000000000000_HOW_2000  |7 0  |8 A  |9 601408  |a BIBINC  |b BIBINC  |d 2025-03-17  |e Instituto Arcos  |i 5666303  |o 781.3 HOW 2000  |p 5666303  |r 2025-03-17  |t 4  |w 2025-03-17  |y BK  |k IFP